[Event "SV Welper 1 - SV Kamen 1"]
[Site "Regionalliga 2018/2019"]
[Date "2018.10.28"]
[Round "3.7"]
[White "Kleinegger, Frank"]
[Black "Schaller, Torsten"]
[Result "1-0"]
[WhiteElo "2065"]
[BlackElo "1951"]
[Annotator "Daniel"]
[PlyCount "125"]
[EventDate "2018.??.??"]

1. d4 d5 2. c4 c6 3. cxd5 cxd5 4. Nc3 Nc6 5. Bf4 Nf6 6. e3 a6 7. Bd3 e6 8. Nf3
Bd6 9. Bg3 Qe7 10. Ne5 Bxe5 11. dxe5 Nd7 12. f4 f5 13. exf6 Nxf6 14. O-O O-O
15. Kh1 b5 16. Rc1 Bb7 17. Bh4 Qf7 18. Bb1 Qh5 19. Qxh5 Nxh5 20. Ne2 e5 21.
fxe5 Rxf1+ 22. Rxf1 g6 23. Nf4 Nxe5 24. Nxh5 gxh5 25. Bf6 Rf8 26. Kg1 Ng4 27.
Bd4 Rxf1+ 28. Kxf1 Nxh2+ $11 29. Kf2 Bc8 30. Kg3 Nf1+ 31. Kf4 Nd2 32. Bf5 Bb7
33. Kg5 Ne4+ 34. Kh6 Kf7 35. Kxh7 h4 36. Kh6 Bc6 37. Bc8 a5 38. Kh5 Nd6 39. Bg4
b4 40. Kxh4 Ne4 41. Bd1 a4 42. g4 Kg6 43. Bb6 a3 44. bxa3 bxa3 45. Ba5 Bb5 46.
Bb4 Bc4 47. Bxa3 Bxa2 48. Ba4 Bb1 49. Be8+ Kf6 50. Bb2+ Ke7 51. Bg6 Bd3 52. Bf5
Be2 53. g5 Nxg5 54. Kxg5 Kd6 55. Kf4 Kc6 56. Ke5 Bf3 57. Ba3 Bg2 58. Kd4 Bf3
59. Bg6 Kd7 60. Bf7 Kc6 61. Be8+ Kb6 62. Be7 Kc7 63. Kc5 1-0

[Event "SV Welper 1 - SV Kamen 1"]
[Site "Regionalliga 2018/2019"]
[Date "2018.10.28"]
[Round "3.8"]
[White "Bastians, Felix"]
[Black "Georg, Heinz"]
[Result "1-0"]
[WhiteElo "2088"]
[BlackElo "2071"]
[PlyCount "71"]
[EventDate "2018.??.??"]

1. Nf3 f5 2. d3 d5 3. c4 e6 4. g3 Nf6 5. Bg2 Be7 6. O-O O-O 7. Qc2 c6 8. Nbd2
Na6 9. a3 c5 10. e4 d4 11. Re1 Rb8 12. exf5 exf5 13. Ne5 f4 14. Ne4 fxg3 15.
hxg3 Ng4 16. Bf4 g5 17. Nxg4 gxf4 18. Qe2 Qb6 19. Bf3 Qg6 20. Kg2 fxg3 21. Nxg3
Rxf3 22. Qxf3 Bxg4 23. Qd5+ Kf8 24. Re4 Rd8 25. Qxb7 Bd7 26. Rae1 Qc6 27. Qb3
Bh4 28. Qd1 Qf6 29. Kg1 Bxg3 30. fxg3 Kg8 31. Qh5 Nc7 32. Qxc5 Bc6 33. Rg4+ Kh8
34. Rf4 Qd6 35. Qxd6 Rxd6 36. Re7 1-0

[Event "SV Wattenscheid 2 - SV Mülheim-Nord 3"]
[Site "Regionalliga 2018/2019"]
[Date "2018.10.28"]
[Round "3.1"]
[White "Walter, Andreas"]
[Black "Schroeder, Wilfried"]
[Result "1-0"]
[WhiteElo "2142"]
[BlackElo "2163"]
[PlyCount "105"]
[EventDate "2018.??.??"]

1. d4 d5 2. c4 e6 3. Nc3 Bb4 4. e3 c5 5. a3 Bxc3+ 6. bxc3 Qc7 7. Qg4 f5 8. Qg3
Qe7 9. Nf3 Nf6 10. cxd5 exd5 11. Qe5 Nc6 12. Qxe7+ Kxe7 13. dxc5 Ne4 14. c4
dxc4 15. Bxc4 Be6 16. Bb5 Na5 17. Nd4 Nxc5 18. Rb1 a6 19. Be2 b5 20. Bd2 Nab7
21. O-O Rac8 22. Bf3 Nd6 23. Bb4 Bc4 24. Rfd1 Kf6 25. Bxc5 Rxc5 26. Nb3 Bxb3
27. Rxd6+ Ke5 28. Rxa6 Rhc8 29. h4 Rc1+ 30. Rxc1 Rxc1+ 31. Kh2 Ba4 32. Ra7 Kf6
33. Kg3 Rc3 34. Be2 h6 35. h5 Rc2 36. Kf3 Rc3 37. Kf4 Rc2 38. Ra6+ Kf7 39. Kf3
Rc3 40. Ra5 Rxa3 41. Kf4 Rb3 42. Ke5 Rc3 43. Bf3 Rc7 44. Bd5+ Ke7 45. Ra8 Bd1
46. Rg8 b4 47. Rxg7+ Kd8 48. Rg8+ Ke7 49. Rb8 Bxh5 50. Rxb4 Rc2 51. f4 Bg4 52.
Rb7+ Kd8 53. Kd6 1-0

[Event "SV Wattenscheid 2 - SV Mülheim-Nord 3"]
[Site "Regionalliga 2018/2019"]
[Date "2018.10.28"]
[Round "3.2"]
[White "Schlehoefer, Ralf"]
[Black "Wittenberg, Andreas"]
[Result "1/2-1/2"]
[WhiteElo "2195"]
[BlackElo "2171"]
[PlyCount "54"]
[EventDate "2018.??.??"]

1. d4 e6 2. c4 Bb4+ 3. Nd2 f5 4. a3 Be7 5. e4 fxe4 6. Nxe4 Nf6 7. Nc3 O-O 8.
Nf3 b6 9. Bd3 Bb7 10. O-O a6 11. Bg5 Ng4 12. Bxe7 Qxe7 13. d5 e5 14. h3 Nf6 15.
Re1 d6 16. Nd4 Qf7 17. Ne6 Re8 18. f4 exf4 19. Ne4 Rxe6 20. dxe6 Qxe6 21. Nxf6+
Qxf6 22. Re8+ Kf7 23. Qh5+ g6 24. Qxh7+ Kxe8 25. Re1+ Kf8 26. Qh6+ Kf7 27. Qh7+
Kf8 1/2-1/2

[Event "SV Wattenscheid 2 - SV Mülheim-Nord 3"]
[Site "Regionalliga 2018/2019"]
[Date "2018.10.28"]
[Round "3.3"]
[White "Nachbar, Benjamin"]
[Black "Buchenthal, Dieter"]
[Result "1-0"]
[WhiteElo "2068"]
[BlackElo "2111"]
[PlyCount "61"]
[EventDate "2018.??.??"]

1. c4 b6 2. d4 Bb7 3. Nc3 e6 4. a3 f5 5. d5 Be7 6. Nf3 Bf6 7. Nd4 Bxd4 8. Qxd4
Qf6 9. Qd3 Na6 10. g3 e5 11. b4 c5 12. Rb1 Ne7 13. e4 g6 14. b5 Nb8 15. Bh3 d6
16. O-O Bc8 17. f4 exf4 18. Bb2 Qd4+ 19. Qxd4 cxd4 20. Ne2 g5 21. gxf4 g4 22.
Bg2 Nd7 23. Bxd4 O-O 24. e5 Ng6 25. e6 Nc5 26. Ng3 Bb7 27. Nh5 Nh4 28. Nf6+
Rxf6 29. Bxf6 Nxg2 30. Kxg2 Nxe6 31. Rbe1 1-0

[Event "SV Wattenscheid 2 - SV Mülheim-Nord 3"]
[Site "Regionalliga 2018/2019"]
[Date "2018.10.28"]
[Round "3.4"]
[White "Koehn, Peter"]
[Black "Ozerov, Ilja"]
[Result "0-1"]
[WhiteElo "2137"]
[BlackElo "2175"]
[PlyCount "50"]
[EventDate "2018.??.??"]

1. c4 f5 2. Nf3 Nf6 3. g3 d6 4. Bg2 g6 5. O-O Bg7 6. Nc3 O-O 7. d4 Nc6 8. d5
Ne5 9. Nxe5 dxe5 10. e4 f4 11. Ne2 g5 12. f3 Qe8 13. a4 Qh5 14. Ra3 Bh3 15. g4
Nxg4 16. fxg4 Bxg4 17. Bf3 Bxf3 18. Raxf3 g4 19. R3f2 Rf6 20. Nxf4 exf4 21.
Bxf4 Raf8 22. b3 Bh6 23. Bxh6 Rxf2 24. Rxf2 Rxf2 25. Kxf2 g3+ 0-1

[Event "SV Wattenscheid 2 - SV Mülheim-Nord 3"]
[Site "Regionalliga 2018/2019"]
[Date "2018.10.28"]
[Round "3.5"]
[White "Limbourg, Philipp"]
[Black "Lang, Daniel"]
[Result "1-0"]
[WhiteElo "2176"]
[BlackElo "2078"]
[Annotator "Daniel"]
[PlyCount "105"]
[EventDate "2018.??.??"]

1. e4 c6 2. Nc3 d5 3. Nf3 dxe4 4. Nxe4 Nf6 5. Qe2 Nxe4 6. Qxe4 Qd5 7. Qe3 Bf5
8. b3 e6 9. Bb2 Qe4 10. d3 Qb4+ 11. c3 Qa5 12. Nh4 Ba3 13. b4 Qa4 14. Bxa3 Qxa3
15. Qc1 Qxc1+ 16. Rxc1 Bg4 17. h3 Bh5 18. g4 Bg6 19. Nxg6 hxg6 20. Bg2 Nd7 21.
b5 cxb5 22. Bxb7 Rb8 23. Bg2 Ke7 24. Ke2 g5 25. Rb1 $11 Ne5 26. Be4 Rhc8 27.
Rhc1 Kd6 28. Rb3 Nd7 29. Rcb1 Nc5 30. Rxb5 Rxb5 31. Rxb5 Nxe4 32. dxe4 Rxc3 33.
Ra5 Rc7 34. Rxg5 Rc2+ 35. Kf3 Rxa2 36. Rxg7 Ke7 37. Rg8 a5 38. h4 Ra1 39. h5 f6
40. Ra8 Kf7 41. Ra7+ Kf8 42. h6 Rh1 43. h7 a4 44. Kf4 a3 45. Rxa3 Rxh7 46. Ra8+
Kf7 47. Ra7+ Kg6 48. Rxh7 Kxh7 49. e5 Kg7 50. exf6+ Kxf6 51. g5+ Kg6 52. Kg4
Kg7 53. Kh5 1-0

[Event "SV Wattenscheid 2 - SV Mülheim-Nord 3"]
[Site "Regionalliga 2018/2019"]
[Date "2018.10.28"]
[Round "3.6"]
[White "Schlange, Stefan"]
[Black "Kuipers, Dustin"]
[Result "1-0"]
[WhiteElo "2070"]
[BlackElo "2081"]
[PlyCount "111"]
[EventDate "2018.??.??"]

1. e4 c6 2. d4 d5 3. Nc3 dxe4 4. Nxe4 Nf6 5. Nxf6+ gxf6 6. c3 h5 7. Bc4 Nd7 8.
Qb3 e6 9. Ne2 Bd6 10. Bf4 Nb6 11. Bd3 Nd5 12. Bd2 a5 13. a3 a4 14. Qc2 b5 15.
c4 bxc4 16. Qxc4 Qb6 17. O-O Kd7 18. Qc2 Ba6 19. Nc3 Qxd4 20. Bxa6 Rxa6 21.
Rad1 Qc4 22. Be3 Qh4 23. g3 Qh3 24. Ne4 h4 25. Bc5 Be5 26. Bd4 Kc7 27. Ng5 Qf5
28. Qxf5 exf5 29. Nxf7 Re8 30. Rfe1 hxg3 31. hxg3 Re7 32. Nxe5 fxe5 33. Rxe5
Rxe5 34. Bxe5+ Kd7 35. Rd4 Ke6 36. Bh8 Ra8 37. Rh4 Nb6 38. Bc3 Kd5 39. Rh6 Rc8
40. Rf6 Ke4 41. Re6+ Kd3 42. Re5 Nd5 43. Rxf5 Nxc3 44. Rf3+ Kc2 45. bxc3 Kb3
46. c4+ Kxc4 47. g4 Rg8 48. Rg3 Kd4 49. g5 Ke5 50. Kf1 Kf5 51. Rf3+ Ke5 52. Rc3
Rg6 53. Rc4 Kd5 54. Rg4 c5 55. Ke2 Ke5 56. Rxa4 1-0

[Event "SV Wattenscheid 2 - SV Mülheim-Nord 3"]
[Site "Regionalliga 2018/2019"]
[Date "2018.10.28"]
[Round "3.7"]
[White "Grodotzki, Kenneth"]
[Black "Schwebel, Markus"]
[Result "1-0"]
[WhiteElo "1972"]
[BlackElo "2007"]
[PlyCount "95"]
[EventDate "2018.??.??"]

1. f4 e5 2. fxe5 d6 3. exd6 Bxd6 4. Nf3 g5 5. g3 g4 6. Nh4 Nc6 7. c3 Be7 8. Ng2
Nf6 9. d4 Bf5 10. Bh6 Qd6 11. Bf4 Qd7 12. e3 O-O-O 13. Nd2 h5 14. Qa4 Ne4 15.
Nxe4 Bxe4 16. O-O-O Bf6 17. Rg1 Rhe8 18. Ne1 Qf5 19. Bd3 a6 20. Bxe4 Qxe4 21.
Nd3 Ne7 22. Qb3 Qd5 23. c4 Qc6 24. Kb1 Nf5 25. Rge1 Qg2 26. Nc5 h4 27. d5 b6
28. Nxa6 hxg3 29. hxg3 Nd6 30. c5 Qe4+ 31. Qd3 Nc4 32. Qxe4 Rxe4 33. cxb6 cxb6
34. a3 Bxb2 35. Nb4 Bxa3 36. Nc6 Rd7 37. Rd3 Bc5 38. Re2 Na3+ 39. Ka2 Nb5 40.
Rh2 Ra4+ 41. Kb2 Kb7 42. Rh7 Nc7 43. Rxf7 Rxf7 44. Nd8+ Kc8 45. Nxf7 Rb4+ 46.
Kc2 Rc4+ 47. Kd1 Nb5 48. d6 1-0

[Event "SV Wattenscheid 2 - SV Mülheim-Nord 3"]
[Site "Regionalliga 2018/2019"]
[Date "2018.10.28"]
[Round "3.8"]
[White "Schmedders, Hans-Gerd"]
[Black "Brockhaus, Bernd"]
[Result "1-0"]
[WhiteElo "2050"]
[BlackElo "1952"]
[Annotator "Daniel"]
[PlyCount "77"]
[EventDate "2018.??.??"]

1. c4 g6 2. g3 Bg7 3. Nc3 d6 4. Bg2 c6 5. d4 Qa5 6. Nf3 Be6 7. Qb3 Qb6 8. O-O
Na6 9. e4 Qb4 10. d5 Bd7 11. Be3 Qxb3 12. axb3 c5 13. e5 dxe5 14. Ne4 Rc8 15.
Ra5 f5 16. Nxc5 Nxc5 17. Rxc5 Rxc5 18. Bxc5 e4 19. Bd4 Bf6 20. Bxf6 Nxf6 21.
Nd4 Kf7 22. f3 exf3 23. Bxf3 Rc8 24. Ra1 a6 25. Rc1 b6 26. b4 e5 27. dxe6+ Bxe6
28. Nxe6 Kxe6 29. Bb7 Rc7 30. Bxa6 Ne4 31. Rd1 Nd6 32. b3 Ke5 33. Rd5+ Ke6 34.
Kf2 Ra7 35. b5 Rc7 36. Ke3 h6 37. Kd4 g5 38. Ke3 h5 39. h4 {ZAo} 1-0

[Event "Oberhausener SV 2 - SV Horst-Emscher 1"]
[Site "Regionalliga 2018/2019"]
[Date "2018.10.28"]
[Round "3.1"]
[White "Kroeger, Fabian"]
[Black "Krueger, AndrÃ©"]
[Result "1-0"]
[WhiteElo "2215"]
[BlackElo "1970"]
[PlyCount "35"]
[EventDate "2018.??.??"]

1. e4 c5 2. Nf3 e6 3. d4 cxd4 4. Nxd4 Nf6 5. Nc3 Nc6 6. Ndb5 Bc5 7. Be3 Bxe3 8.
Nd6+ Ke7 9. fxe3 a6 10. Qd2 Qc7 11. O-O-O Rd8 12. Qf2 Qa5 13. g4 Qe5 14. h4 Rf8
15. g5 Ne8 16. Nc4 Qc5 17. Na4 Qa7 18. Nab6 1-0

[Event "Oberhausener SV 2 - SV Horst-Emscher 1"]
[Site "Regionalliga 2018/2019"]
[Date "2018.10.28"]
[Round "3.2"]
[White "Joergens, Markus"]
[Black "Buschmann, Andreas"]
[Result "1/2-1/2"]
[WhiteElo "1984"]
[BlackElo "2011"]
[PlyCount "63"]
[EventDate "2018.??.??"]

1. d4 Nf6 2. c4 g6 3. Nc3 Bg7 4. e4 O-O 5. Be2 d6 6. Bg5 h6 7. Be3 e5 8. d5
Nbd7 9. h4 Nc5 10. Qc2 a5 11. h5 g5 12. f3 Bd7 13. g4 Qe7 14. Nh3 Ne8 15. Nf2
b6 16. Kf1 c6 17. Kg2 Nc7 18. Rac1 cxd5 19. Nxd5 Nxd5 20. cxd5 Rfc8 21. Qd2 Bf8
22. b3 f6 23. Bxc5 bxc5 24. a4 Rcb8 25. Bc4 Qd8 26. Nd1 Rb4 27. Ne3 Rab8 28.
Rc3 Be7 29. Nc2 R4b7 30. Na3 Rb4 31. Qd3 Qc7 32. Nc2 1/2-1/2

[Event "Oberhausener SV 2 - SV Horst-Emscher 1"]
[Site "Regionalliga 2018/2019"]
[Date "2018.10.28"]
[Round "3.3"]
[White "Rebentisch, Tom"]
[Black "Weyh, Thomas"]
[Result "0-1"]
[WhiteElo "2066"]
[BlackElo "2003"]
[PlyCount "92"]
[EventDate "2018.??.??"]

1. e4 e5 2. Nf3 Nc6 3. Bc4 Bc5 4. c3 Nf6 5. d3 O-O 6. O-O d6 7. a4 a6 8. Bg5 h6
9. Bh4 Bg4 10. h3 Bh5 11. Nbd2 g5 12. Bg3 Ba7 13. Re1 Bg6 14. Nf1 Nh5 15. N3h2
Kh7 16. Ng4 Nf4 17. Nfe3 h5 18. Nh2 Ne7 19. Nf5 d5 20. Nxe7 dxc4 21. Nxg6 fxg6
22. Bxf4 Rxf4 23. d4 exd4 24. cxd4 Qxd4 25. Qxd4 Bxd4 26. Re2 Re8 27. Nf3 Bc5
28. Rd1 g4 29. hxg4 hxg4 30. Rd7+ Kh6 31. Nd2 g3 32. Nf3 gxf2+ 33. Kf1 Rfxe4
34. Rxe4 Rxe4 35. Rxc7 b6 36. Rh7+ Kxh7 37. Ng5+ Kg7 38. Nxe4 Bd4 39. Nd6 Bxb2
40. Nxc4 Bd4 41. Nd6 Kf6 42. Ne8+ Ke5 43. Nc7 a5 44. Nb5 Kd5 45. g4 Bc5 46.
Nc7+ Ke5 0-1

[Event "Oberhausener SV 2 - SV Horst-Emscher 1"]
[Site "Regionalliga 2018/2019"]
[Date "2018.10.28"]
[Round "3.4"]
[White "GroÃŸ, Thomas"]
[Black "Becker, Marco"]
[Result "1-0"]
[WhiteElo "1970"]
[BlackElo "1959"]
[PlyCount "71"]
[EventDate "2018.??.??"]

1. Nf3 Nf6 2. g3 c6 3. Bg2 d5 4. c4 e6 5. d4 Be7 6. Qc2 O-O 7. O-O Nbd7 8. b3
b6 9. Rd1 Bb7 10. Nc3 Rc8 11. e4 dxe4 12. Nxe4 Nxe4 13. Qxe4 Nf6 14. Qc2 Rc7
15. h4 Qa8 16. Bf4 Rcc8 17. c5 Nd5 18. Bg5 h6 19. Bxe7 Nxe7 20. Ne5 Rcd8 21.
Rac1 b5 22. a4 bxa4 23. b4 a5 24. b5 Nd5 25. Qxa4 cxb5 26. Qxb5 f6 27. Nc4 a4
28. Na5 Qa6 29. Qxb7 Qxa5 30. Bxd5 Rxd5 31. c6 Qa8 32. Rb1 Qc8 33. c7 Kf7 34.
Rdc1 Ke7 35. Qc6 Rd6 36. Qc5 1-0

[Event "Oberhausener SV 2 - SV Horst-Emscher 1"]
[Site "Regionalliga 2018/2019"]
[Date "2018.10.28"]
[Round "3.5"]
[White "Goeldenboog, Juergen"]
[Black "Gerst, Michael"]
[Result "1/2-1/2"]
[WhiteElo "1897"]
[BlackElo "1933"]
[PlyCount "106"]
[EventDate "2018.??.??"]

1. d4 Nf6 2. c4 e6 3. Nf3 Bb4+ 4. Bd2 Qe7 5. a3 Bxd2+ 6. Qxd2 d6 7. Nc3 O-O 8.
g3 e5 9. Bg2 Re8 10. dxe5 dxe5 11. O-O Nc6 12. Nd5 Qd6 13. Rad1 Nxd5 14. cxd5
Ne7 15. Ng5 Bf5 16. e4 Bd7 17. f4 f6 18. Nh3 Rad8 19. b4 Ba4 20. Rc1 c6 21.
fxe5 Qxe5 22. Nf4 cxd5 23. exd5 Nf5 24. Rfe1 Qb8 25. Rxe8+ Rxe8 26. Ne6 b6 27.
Qd3 Nd6 28. Be4 Nxe4 29. Qxe4 Bd7 30. Qc4 Bxe6 31. dxe6 Kf8 32. Re1 Qd6 33. Kf2
Qd2+ 34. Re2 Qd6 35. a4 h6 36. h4 a5 37. b5 Qc5+ 38. Qxc5+ bxc5 39. Kf3 Ke7 40.
Kf4 g6 41. h5 gxh5 42. Rb2 c4 43. Ke4 Kxe6 44. Kd4 Rc8 45. Re2+ Kd6 46. Rc2 Rg8
47. Rf2 Rg4+ 48. Kc3 Rxg3+ 49. Kxc4 Rg4+ 50. Kb3 Rb4+ 51. Ka3 Ke5 52. Re2+ Kd5
53. Rf2 Ke5 1/2-1/2

[Event "Oberhausener SV 2 - SV Horst-Emscher 1"]
[Site "Regionalliga 2018/2019"]
[Date "2018.10.28"]
[Round "3.6"]
[White "Stefaniak, Christian"]
[Black "Arndt, Olaf"]
[Result "1/2-1/2"]
[WhiteElo "1914"]
[BlackElo "1953"]
[PlyCount "56"]
[EventDate "2018.??.??"]

1. e4 e5 2. Nf3 Nc6 3. d4 exd4 4. Nxd4 Bc5 5. Nb3 Bb6 6. Nc3 Qf6 7. Qe2 Nge7 8.
Be3 O-O 9. Bxb6 axb6 10. O-O-O d6 11. Kb1 Be6 12. Qe3 Bxb3 13. cxb3 Nb4 14. a3
Nbc6 15. f4 Rfe8 16. Qf2 Ne5 17. Be2 Rad8 18. Rhf1 Nd7 19. g3 c6 20. Qf3 b5 21.
b4 Nb6 22. Rd2 Nc4 23. Bxc4 bxc4 24. Rfd1 Ng6 25. Qf1 b5 26. Qg1 Ne7 27. Qb6
Rd7 28. Ka1 Qe6 1/2-1/2

[Event "Oberhausener SV 2 - SV Horst-Emscher 1"]
[Site "Regionalliga 2018/2019"]
[Date "2018.10.28"]
[Round "3.7"]
[White "Doenges, Dirk"]
[Black "Seibert, Michael"]
[Result "0-1"]
[WhiteElo "1767"]
[BlackElo "1957"]
[PlyCount "82"]
[EventDate "2018.??.??"]

1. e4 c5 2. Nf3 g6 3. c3 d5 4. exd5 Qxd5 5. d4 Nc6 6. Be3 Nf6 7. c4 Qd6 8. Nc3
cxd4 9. Nxd4 Nxd4 10. Bxd4 Bd7 11. Be2 Bg7 12. O-O O-O 13. Re1 a6 14. c5 Qc7
15. Bf3 Bc6 16. Bxc6 Qxc6 17. Qe2 Rfd8 18. Rad1 Rd7 19. h3 Rad8 20. Be3 Ne4 21.
Rxd7 Rxd7 22. Nxe4 Qxe4 23. Rd1 Rxd1+ 24. Qxd1 Bxb2 25. Bh6 Bd4 26. Kh1 Qh4 27.
Qa4 Qxh6 28. Qxd4 Qg5 29. Qe4 Qxc5 30. Qxb7 a5 31. f3 Qb4 32. Qd5 Kg7 33. Qd3
Qe1+ 34. Kh2 Qe5+ 35. Kh1 Qa1+ 36. Kh2 Qxa2 37. Qd4+ f6 38. Qd8 Qa3 39. f4 Qb4
40. Qc7 a4 41. g4 g5 0-1

[Event "Oberhausener SV 2 - SV Horst-Emscher 1"]
[Site "Regionalliga 2018/2019"]
[Date "2018.10.28"]
[Round "3.8"]
[White "Hombrecher, Kai"]
[Black "Tobczewski, Peter"]
[Result "1-0"]
[WhiteElo "1851"]
[BlackElo "1902"]
[PlyCount "45"]
[EventDate "2018.??.??"]

1. Nf3 c5 2. e4 Nc6 3. Bb5 a6 4. Bxc6 dxc6 5. O-O Bg4 6. Qe2 e6 7. Nc3 Nf6 8.
Rd1 Be7 9. d3 Qc7 10. Be3 b5 11. Qd2 Bxf3 12. gxf3 Nh5 13. f4 f5 14. exf5 exf5
15. Re1 O-O-O 16. Qe2 g6 17. a4 Kb7 18. axb5 axb5 19. Qf3 Kc8 20. b4 Bf6 21.
Bxc5 Bxc3 22. Ra8+ Kd7 23. Re7# 1-0

[Event "SF Essen-Katernberg  2 - SV Eichlinghof"]
[Site "Regionalliga 2018/2019"]
[Date "2018.10.28"]
[Round "3.1"]
[White "Watzlawek, Markus"]
[Black "Bee, Marcus"]
[Result "1/2-1/2"]
[WhiteElo "2104"]
[BlackElo "2143"]
[PlyCount "30"]
[EventDate "2018.??.??"]

1. d4 g6 2. c4 Bg7 3. e4 d6 4. Nc3 e5 5. d5 f5 6. exf5 gxf5 7. Qh5+ Kf8 8. f4
Nf6 9. Qd1 e4 10. Nge2 Na6 11. Nd4 h5 12. Be2 Qe8 13. Be3 Bd7 14. Nc2 Qg6 15.
Qd2 Ng4 1/2-1/2

[Event "SF Essen-Katernberg  2 - SV Eichlinghof"]
[Site "Regionalliga 2018/2019"]
[Date "2018.10.28"]
[Round "3.2"]
[White "Villwock, Martin"]
[Black "Schuette, Tobias"]
[Result "1-0"]
[WhiteElo "2119"]
[BlackElo "2035"]
[Annotator "Daniel"]
[PlyCount "69"]
[EventDate "2018.??.??"]

1. e4 e6 2. d4 d5 3. Nc3 Nf6 4. e5 Nfd7 5. f4 c5 6. Nf3 Nc6 7. Be3 cxd4 8. Nxd4
a6 9. Qd2 Qc7 10. Be2 Na5 11. a3 Nc4 12. Qc1 b5 13. O-O Bb7 14. Nd1 Bc5 15. c3
O-O $11 16. Bd3 Rfe8 17. Qc2 Nf8 18. Qe2 f6 19. exf6 gxf6 20. Rf3 Re7 21. Bf2
Rae8 22. Rg3+ Rg7 23. Rxg7+ Qxg7 24. Nf5 Bxf2+ 25. Nxf2 exf5 26. Qxe8 d4 27.
Bxc4+ bxc4 28. g3 d3 29. Re1 Qf7 30. Qxf7+ Kxf7 31. Nd1 Ne6 32. Ne3 Bf3 33. Kf2
Bh5 34. Nxc4 Nc5 35. Nd2 1-0

[Event "SF Essen-Katernberg  2 - SV Eichlinghof"]
[Site "Regionalliga 2018/2019"]
[Date "2018.10.28"]
[Round "3.3"]
[White "Bollwerk, Marcus"]
[Black "Heldt, Maximilian"]
[Result "1/2-1/2"]
[WhiteElo "2055"]
[BlackElo "2103"]
[Annotator "Daniel"]
[PlyCount "126"]
[EventDate "2018.??.??"]

1. Nf3 c5 2. g3 g6 3. Bg2 Bg7 4. O-O Nc6 5. d3 d6 6. e4 e6 7. Nbd2 Nge7 8. c3
O-O 9. Ne1 Rb8 10. a4 a6 11. f4 $11 b5 12. axb5 axb5 13. Ndf3 d5 14. Qe2 c4 15.
dxc4 bxc4 16. Nc2 Qb6+ 17. Kh1 Bb7 18. Be3 Qc7 19. e5 Ba8 20. Ncd4 Nxd4 21.
Nxd4 Nc6 22. Ra2 Nxd4 23. Bxd4 Bc6 24. Bc5 Ra8 25. Rfa1 Rxa2 26. Rxa2 Ra8 27.
Rxa8+ Bxa8 28. Bd4 Bf8 29. Qf2 Qa5 30. h4 Bc6 31. g4 Bd7 32. Bh3 h6 33. f5 Qa1+
34. Kh2 Qb1 35. fxg6 Qxg6 36. h5 Qe4 37. Qe3 Qc2+ 38. Qf2 Qe4 39. Qe3 Qd3 40.
Qf4 Bg7 41. Bg2 Qe2 42. Kg3 Ba4 43. Bf3 Qe1+ 44. Kg2 Bd1 45. Qe3 Bxf3+ 46. Kxf3
Qh4 47. Qf2 Qh3+ 48. Qg3 Qh1+ 49. Qg2 Qe1 50. Qe2 Qb1 51. Kg3 Qc1 52. Qf2 Bf8
53. Be3 Qh1 54. Qg2 Qb1 55. Qf2 Qd3 56. Qd2 Qxd2 57. Bxd2 Bg7 58. Kf4 f6 59.
exf6 Bxf6 60. Kf3 Kg7 61. Ke2 e5 62. Kf3 Be7 63. Be3 Bf6 1/2-1/2

[Event "SF Essen-Katernberg  2 - SV Eichlinghof"]
[Site "Regionalliga 2018/2019"]
[Date "2018.10.28"]
[Round "3.4"]
[White "Dette, Jan"]
[Black "Brockmann, Michael"]
[Result "0-1"]
[WhiteElo "2076"]
[BlackElo "2002"]
[PlyCount "86"]
[EventDate "2018.??.??"]

1. e4 c5 2. c4 Nc6 3. Nc3 g6 4. g3 Bg7 5. Bg2 e6 6. Nge2 Nge7 7. d3 a6 8. O-O
O-O 9. Be3 Nd4 10. Rb1 Nec6 11. a3 Qe7 12. f4 f5 13. Bf2 Rb8 14. Nxd4 cxd4 15.
Ne2 d6 16. b4 e5 17. b5 axb5 18. Rxb5 Nd8 19. Qb3 Kh8 20. Qb4 Nc6 21. Qb2 Qc7
22. c5 fxe4 23. cxd6 Qxd6 24. Bxe4 Bf5 25. Bxf5 Rxf5 26. Rxb7 Rbf8 27. Qb6 Qd5
28. Qc7 R5f7 29. Qb6 Qf3 30. Rxf7 Rxf7 31. fxe5 Nxe5 32. Nxd4 Qxd3 33. Qb3 Qe4
34. a4 Rf8 35. Qe3 Qd5 36. Be1 Rd8 37. Bc3 Ng4 38. Qf4 Bxd4+ 39. Bxd4+ Qxd4+
40. Qxd4+ Rxd4 41. Ra1 Rd6 42. a5 Ra6 43. h4 Kg7 0-1

[Event "SF Essen-Katernberg  2 - SV Eichlinghof"]
[Site "Regionalliga 2018/2019"]
[Date "2018.10.28"]
[Round "3.5"]
[White "Dreier, Daniel"]
[Black "Dahm, Bernd"]
[Result "0-1"]
[WhiteElo "1910"]
[BlackElo "2080"]
[PlyCount "84"]
[EventDate "2018.??.??"]

1. e4 e6 2. f4 d5 3. Nc3 Nf6 4. e5 Nfd7 5. Nf3 c5 6. b3 Nc6 7. Be2 Be7 8. O-O
O-O 9. Bb2 f6 10. exf6 Bxf6 11. a3 Bxc3 12. dxc3 Rxf4 13. Bc1 Rf8 14. Bd3 Nf6
15. Qe1 Qd6 16. Ng5 h6 17. Nh3 Bd7 18. Qh4 Qe7 19. Qg3 Kh8 20. Nf4 Be8 21. Ng6+
Bxg6 22. Bxg6 Ng8 23. Be3 e5 24. Rf5 d4 25. cxd4 cxd4 26. Bd2 e4 27. Bf4 Qe6
28. Rxf8 Rxf8 29. Re1 e3 30. Bd3 Qf7 31. Rf1 Nf6 32. Qh3 Qh5 33. Qg3 Nd5 34.
Bg6 Qe2 35. Bd3 Nxf4 36. Rxf4 Qd1+ 37. Bf1 Rxf4 38. Qxf4 Qxc2 39. Bc4 Qd1+ 40.
Bf1 Qc2 41. Bc4 Qb1+ 42. Bf1 e2 0-1

[Event "SF Essen-Katernberg  2 - SV Eichlinghof"]
[Site "Regionalliga 2018/2019"]
[Date "2018.10.28"]
[Round "3.7"]
[White "Wloka, Sebastian"]
[Black "Schimnatkowski, Lukas"]
[Result "0-1"]
[WhiteElo "1884"]
[BlackElo "2038"]
[PlyCount "70"]
[EventDate "2018.??.??"]

1. d4 Nf6 2. Bg5 c5 3. d5 e5 4. c4 d6 5. Nc3 Be7 6. Qc2 a6 7. e4 Nxd5 8. Bxe7
Nxe7 9. Bd3 Nbc6 10. Nge2 O-O 11. O-O Rb8 12. Rad1 Bd7 13. Ng3 Nd4 14. Qd2 b5
15. f4 f6 16. Qf2 Be6 17. Nd5 Bxd5 18. exd5 bxc4 19. Bxc4 exf4 20. Nh5 g5 21.
g3 f3 22. Rxd4 cxd4 23. Qxd4 Qb6 24. Qxb6 Rxb6 25. Rxf3 Rxb2 26. Nxf6+ Kh8 27.
Re3 Rxf6 28. Rxe7 Rff2 29. Re8+ Kg7 30. Re7+ Kg8 31. Re6 Rg2+ 32. Kh1 Rxh2+ 33.
Kg1 Rbg2+ 34. Kf1 Rc2 35. Kg1 Rhd2 0-1

[Event "SF Essen-Katernberg  2 - SV Eichlinghof"]
[Site "Regionalliga 2018/2019"]
[Date "2018.10.28"]
[Round "3.8"]
[White "Kudelka, Josua"]
[Black "Gitschel, Ralf"]
[Result "1/2-1/2"]
[WhiteElo "1965"]
[BlackElo "1870"]
[PlyCount "36"]
[EventDate "2018.??.??"]

1. Nf3 c5 2. c4 g6 3. Nc3 Bg7 4. g3 Nf6 5. Bg2 O-O 6. d4 cxd4 7. Nxd4 Nc6 8.
O-O Nxd4 9. Qxd4 d6 10. Qd3 Bf5 11. e4 Be6 12. b3 Qd7 13. Rd1 Bh3 14. Bb2 Bxg2
15. Kxg2 Qg4 16. h3 Qg5 17. Qd2 Qxd2 18. Rxd2 Rac8 1/2-1/2

[Event "SV Königsspringer Hamm 1 - SG Bochum 3"]
[Site "Verbandsliga - Gruppe 1 2018/"]
[Date "2018.11.04"]
[Round "3.1"]
[White "Butschek, Marc"]
[Black "Frombach, Ralf"]
[Result "1-0"]
[WhiteElo "1960"]
[BlackElo "2177"]
[PlyCount "137"]
[EventDate "2018.??.??"]

1. e4 d6 2. Bc4 e5 3. Nf3 Be7 4. d4 exd4 5. Nxd4 Nf6 6. Nc3 O-O 7. O-O Nc6 8.
Bf4 Ne5 9. Bb3 a6 10. a4 Ng6 11. Bg3 c5 12. Nf3 Nh5 13. Nd5 Nxg3 14. hxg3 Re8
15. Qe2 b6 16. Rfe1 Bf8 17. Nd2 Bb7 18. f4 Ne7 19. Qh5 Nxd5 20. Bxd5 g6 21. Qh4
Qc7 22. Qg4 Bg7 23. c3 b5 24. axb5 axb5 25. Rxa8 Bxa8 26. Re2 b4 27. cxb4 cxb4
28. b3 Qc1+ 29. Kh2 Qd1 30. Qd7 Rf8 31. Bc4 Bd4 32. Nf3 Bc5 33. Re1 Qc2 34. Ng5
d5 35. exd5 h6 36. Ne4 Bd4 37. f5 g5 38. Qd6 Kg7 39. f6+ Kg8 40. Qe7 Qb2 41. d6
Bxe4 42. Qxe4 Bxf6 43. Qg6+ Bg7 44. d7 Qf6 45. Qxf6 Bxf6 46. Re8 Bd8 47. Kg1
Kg7 48. Kf2 h5 49. Kf3 f5 50. Be6 f4 51. g4 h4 52. Bd5 Bc7 53. Be4 Kf7 54. Bg6+
Kg7 55. Rc8 Bd8 56. Be8 Be7 57. d8=Q Bxd8 58. Rxd8 Kf6 59. Ra8 Ke5 60. Bc6 Rf6
61. Bb5 Rh6 62. Bf1 Rc6 63. Bc4 Rh6 64. Ra5+ Kf6 65. Ra6+ Kg7 66. Rxh6 Kxh6 67.
Ke4 Kg6 68. Be2 Kf6 69. Kd5 1-0